Перший "Кобзар" Тараса Шевченка 1840 р. (Запис № 578173)

МАРК-запис
000 -Лідер
fixed length control field 00820 a2200229 4500
001 - Контрольний номер
control field 2162214035925789
003 - Ідентифікатор контрольного номера
control field UA-OsUOA
005 - Дата та час останнього входження (трансакції)
control field 20260305203958.0
008 - Елементи даних фіксованої довжини – загальна інформація
fixed length control field 250212b un ||||| |||| 00| 0 ukr d
040 ## - Джерело каталогізації
Агенція оригінальної каталогізації UA-OsUOA
Мова каталогізації ukr
Агенція, яка здійснювала перезапис UA-OsUOA
Агенція, яка здійснювала модифікацію UA-OsUOA
041 ## - Код мови
Код мови тексту/ звукової доріжки чи окремого заголовка (П) ukr
080 ## - Індекс Універсальної десяткової класифікації
Індекс Універсальної десяткової класифікації (УДК) (НП) 82-1
090 ## - Локальний шифр розміщення
Класифікаційний індекс УДК 82-1
Авторський знак (НП) П27
245 ## - Відомості про назву
Назва (НП) Перший "Кобзар" Тараса Шевченка 1840 р.
Дані про відповідальність (НП) за ред. Константина Біди
260 ## - Публікація, розповсюдження і т.п. (Вихідні дані)
Дата публікації, розповсюдження і т.п. (П) 1961
Місце публікації, розповсюдження і т.п. (П) Оттава
300 ## - Фізичний опис
Обсяг 114 с.
490 ## - Область серії
Назва серії Слов'янські студії — Оттавський університет
Позначення і номер тому / порядкове позначення ч. 1
650 ## - Додаткове предметне введення – тематичний термін
Джерело заголовка чи терміна UDC
Тематичний термін чи географічна назва, як елемент введення (НП) 82-1 Поезія. Поеми. Вірші
9 (RLIN) 18600
942 ## - Додаткові елементи входу (Коха)
Тип елемента Koha Книги
Source of classification or shelving scheme Universal Decimal Classification
955 ## - Код типу видання за змістом
Код типу видання за змістом (НП) Літературно-художні видання
Фонди
Стан вилучень Стан втрат Джерело класифікації або схеми стелажів Стан уражень Не для кредиту Постійне місце розташування Поточне розміщення Дата придбання Джерело придбання Вартість, звичайна ціна покупки Інвентарний номер Усього замовленно Повний номер виклику Штрих-код Дата останнього перегляду Вартість, ціна заміни Ціна ефективна від Тип елемента Koha Примітка, призначена для загального доступу
    Universal Decimal Classification     Наукова бібліотека ІДУД Наукова бібліотека ІДУД 12/02/2025 №1/16.01.2025 (ІДУД) 1.00 300062   82-1 П27 300062 12/02/2025 1.00 12/02/2025 Книги Містить екслібріс у вигляді штампу "I. K. Szlapak. 416. Janene Crt. Mississauga, Ont. Canada L5A 3Z3".